Taylor Swift - Chansons commençant par I - Statistiques

Statistiques générales
  • Ce quiz a été pris 634 fois
    533 depuis la dernière actualisation
  • Le résultat moyen est 14 sur 25
Statistiques - réponses
I % Correct
I Did Something Bad
70%
I Forgot That You Existed
70%
I Knew You Were Trouble
70%
Invisible
70%
illicit affairs
68%
I Think He Knows
66%
ivy
65%
I Can Do It with a Broken Heart
64%
I Know Places
64%
invisible string
64%
I Wish You Would
60%
I Bet You Think About Me
59%
Is It Over Now?
58%
It's Nice To Have a Friend
58%
I Can See You
55%
Innocent
54%
I Can Fix Him (No Really I Can)
53%
I Almost Do
49%
it’s time to go
47%
I Hate It Here
46%
I Look in People's Windows
45%
Imgonnagetyouback
45%
I'm Only Me When I'm With You
42%
I Heart ?
23%
If This Was a Movie
20%
Aucun quiz correspondant
Distribution des résultats
% des personnes avec chaque résultat
Percentile par nombre de réponses
Votre historique - résultats
Vous n’avez pas pris ce quiz depuis la dernière actualisation